000 00771nam a2200253Ia 4500
003 OSt
005 20220923223506.0
006 a|||||r|||| 00| 0
007 ta
008 220922b |||||||| |||| 00| 0 hin d
024 _a217,733
037 _cTextual
040 _aARTS
_cARTS
_bhin
041 _2hin
_ahin
082 _aO152,2N452x, P3
100 _aसहगल, प्रताप
_9156291
245 0 _aपाँच रंग नाटक
246 _aPāँch ranga nāṭaka
260 _aदिल्ली
_b किताबघर
_c2003
300 _a328i`
_ccm.
650 _aहिन्दी साहित्य
_9156264
942 _hO152,2N452x, P3
_cTEXL
_2CC
999 _c365705
_d365705